01363cpcaa2200313 a 4500001001300000003000400013005001700017008004100034010001700075040002400092072001200116110002600128245004700154300001600201300003600217300002200253506002200275520026300297545009500560546003600655610006400691610005900755610006200814650004000876650003800916650003600954650004200990999001701032mm 82081729 DLC20260227111716.0820329|||||||||||| eng  amm 82081729  aDLCedacscDLCdDLC 7aN2lcmd2 aBaring Brothers & Co.00aBaring Brothers & Co. records,f1803-1833. a175fitems. a1fcontainer plusa1foversize. a0.5flinear feet.0 aOpen to research.8 aCorrespondence from Baring Brothers & Co. to the Bank of the United States and the U.S. Department of the Treasury. Also includes letter (22 May 1825) from Baring Brothers & Co. to LeRoy Bayard & Co (LeRoy, Bayard & McEvers), shipping firm of New York, N.Y.1 aLondon merchant bank founded in 1762 and reorganized in 1890 as Baring Brothers & Co. Ltd. aCollection material in English.10aUnited States.bDepartment of the TreasuryvCorrespondence.20aBank of the United States (1816-1836)vCorrespondence.20aLeRoy, Bayard & McEvers (New York, N.Y.)vCorrespondence. 0aBanks and bankingzEnglandzLondon. 0aBanks and bankingzUnited States. 0aFinance, PubliczUnited States. 0aShippingzNew York (State)zNew York. c43743d43743